00310nam a2200109Ia 450000500170000000800410001710000170005824500710007526000260014630000110017265000170018320260328101521.0260328s9999||||xx |||||||||||||| ||und|| aSteffens, Jo 0aUnpacking my library :b Architects and their Books /cJo Steffens bYale University Press a182 p. aARQUITECTURA